000 00629nam a2200193 a 4500
005 20220526063857.0
008 991125s1977 mx 000 0 spa u
035 _aUPN01000020919
049 _aLT
050 4 _aLB1633 M6.2
_bD6.3 1977
100 1 _aDomínguez Rosas, Jesús,
_d1902-
245 1 0 _aEspañol básico :
_bsegundo grado /
_cJesús Domínguez Rosas
260 _aMéxico :
_bTrillas,
_c1977
300 _a275 p. :
_bil.
500 _a"Conforme a los objetivos del programa oficial, educación media básica"
650 4 _aEspañol
_xEstudio y enseñanza (Secundaria)
_97237
904 _aAC
_b020920
905 _aLibro
999 _c20919
_d20919